000 00812cam a22002777a 4500
003 CHAP
005 20220329134647.0
008 971013s1973 r 00010 d
010 _a23806
011 _a24778
035 _a28877
040 _cCHAP
090 _aFolleto 1305
110 _aComisión Nacional de Fruticultura. México
_925772
245 1 3 _aEl naranjo
260 _aMéxico :
_bCONAFRUT,
_c1973
300 _a3 p.
590 _aBATCH-UPD
_b10
_c20130110
_lUCH01
_h1453
590 _aCONVERSION
_b10
_c20130109
_lUCH01
_h1314
650 1 4 _aNaranja.
_980130
901 _aBK
942 _cFOLL
949 _aFolleto 1305
_bBC
_cFOLL
_d-66699
_eTS1
_i28877
_mD
_si
949 _aFolleto 1305
_bBC
_cFOLL
_d-66700
_eTS2
_fc.2
_i28877
_mD
_si
949 _aFolleto 1305
_bBC
_cFOLL
_d-66701
_eTS2
_fc.3
_i28877
_mD
_si
999 _c23806
_d23806